000
00345nam a2200145Ia 4500
008
230718s9999 xx 000 0 und d
041
_a
Eng.
082
_a
336.24
_b
CHO-F
100
_a
Chohan Abdul Hameed
245
0
_a
Financial Institutions
260
_a
Pakistan
_b
kausar Law book
_c
2011
300
_a
528.297
650
_a
Law
999
_c
29705
_d
29705